LIBRARY & INFORMATION CENTRE, KCAET, TAVANUR

ONLINE PUBLIC ACCESS CATALOGUE (OPAC)

Modern Principles of Agronomy (Record no. 15682)

MARC details
000 -LEADER
fixed length control field 00343nam a22001457a 4500
003 - CONTROL NUMBER IDENTIFIER
control field OSt
008 - FIXED-LENGTH DATA ELEMENTS--GENERAL INFORMATION
fixed length control field 190527b ||||| |||| 00| 0 eng d
020 ## - INTERNATIONAL STANDARD BOOK NUMBER
ISBN 9788177545548
082 ## - DEWEY DECIMAL CLASSIFICATION NUMBER
Classification number 630
Item number SRI/MO
100 ## - MAIN ENTRY--AUTHOR NAME
Personal name Srivastava
245 ## - TITLE STATEMENT
Title Modern Principles of Agronomy
260 ## - PUBLICATION, DISTRIBUTION, ETC. (IMPRINT)
Place of publication Jodhpur
Name of publisher AGROBIOS
Year of publication 2014
300 ## - PHYSICAL DESCRIPTION
Number of Pages 583 p.
942 ## - ADDED ENTRY ELEMENTS (KOHA)
Koha item type Books
Holdings
Withdrawn status Lost status Damaged status Collection code Home library Current library Shelving location Date acquired Cost, normal purchase price Full call number Accession Number Koha item type
      Non-fiction KAUAET KAUAET General Stacks 27/05/2019 2500.00 630 SRI/MO 25903 Books
free website counter